000
00341pab a2200157 454500
008
180718b2008 xxu||||| |||| 00| 0 eng d
100
_a
George, N.D.
245
_a
Microfinance: issues and strategies
260
_c
2008
300
_a
p.41-43.
362
_a
Jan
650
_a
Finance
773
_a
Yojana
908
_a
N
909
_a
77048
999
_c
77048
_d
77048